| 000 | 00349nam a22001457a 4500 | ||
|---|---|---|---|
| 020 | _a978-81-310-1556-8 | ||
| 082 |
_a823 _bMAN/P |
||
| 100 | _aMANOJ PUBLICATIONS | ||
| 245 | _aTHE PRINCESS AND THE PEA | ||
| 260 |
_aDELHI _bMANOJ PUBLICATIONS |
||
| 300 | _a16 | ||
| 520 | _aENGLISH SHORT STORY | ||
| 650 |
_aENGLISH SHORT STORY _zDELHI |
||
| 942 | _cBK | ||
| 999 |
_c5375 _d5375 |
||